| 000 | 01255nam1a2200277 i 4500 | ||
|---|---|---|---|
| 001 | RU\NLR\bibl\264091 | ||
| 005 | 20260407072740.0 | ||
| 035 | _a(NLR Aleph) 000259707 | ||
| 090 |
_a1516838 _c1516838 |
||
| 100 | _a20020517g20029999u a0rusy50 ca | ||
| 101 | 0 | _arus | |
| 102 | _aRU | ||
| 105 | _ay ||||||||| | ||
| 200 | 1 |
_aИспользование инвестиций в основной капитал в отраслях естественных монополий ... _eСтат. бюл. _fГос. ком. Рос. Федерации по статистике |
|
| 210 |
_aМ. _cБ.и. _d2002 |
||
| 215 | _d20х29 | ||
| 463 | 0 | _1001258276 | |
| 606 | 0 |
_aИнвестиции капитала _yРоссийская Федерация _92084885 _3RU\NLR\auth\661260982 |
|
| 606 | 1 |
_aЕстественные монополии _yРоссийская Федерация _92258733 _3RU\NLR\auth\661354462 |
|
| 686 | _aУ9(2)-56(2Р) | ||
| 711 | 0 | 1 |
_aРоссийская Федерация _bГосударственный комитет по статистике _3RU\NLR\AUTH\882243 _9275174 |
| 801 | 0 |
_aRU _bNLR _c20020517 _gPSBO |
|
| 801 | 1 |
_aRU _bNLR _c20020517 |
|
| 852 |
_aNLR _j2002-8/1051 |
||
| 942 | _cBOOK | ||